Statistics for Liquors from around the World

Click here to take the quiz!

General Stats

  • This quiz has been taken 59 times
  • The average score is 12 of 15

Answer Stats

Beer / BrandCountry% Correct
CognacFrance
98%
TequilaMexico
98%
VodkaRussia
98%
Scotch WhiskyUnited Kingdom
98%
SakeJapan
94%
Bourbon WhiskeyUnited States
94%
LimoncelloItaly
92%
SchnappsGermany
83%
OuzoGreece
75%
CachaçaBrazil
71%
SojuSouth Korea
71%
BaijiuChina
60%
JeneverNetherlands / Belgium
50%
AguardienteColombia
46%
PiscoPeru / Chile
42%

Score Distribution

Percentile by Number Answered

Percent of People with Each Score

Your Score History

You have not taken this quiz